Chystané zmeny v pôdohospodárstve

Zavádzanie novej podpory v poľnohospodárstve formou platby na pestovanie energetických plodín. Financovanie z prostriedkov EU. Doplnkové národné priame platby v rastlinnej výrobe. Návrh koncepcie rozvoja pôdohospodárstva na roky 2007 až 2013. Používanie pesticídov. Z valného zhromaždenia SPPK a SOPK...

Ausführliche Beschreibung

Gespeichert in:
Bibliographische Detailangaben
Format: Buchkapitel
Sprache:Slowakisch
Schlagworte:
Tags: Tag hinzufügen
Keine Tags, Fügen Sie das erste Tag hinzu!

MARC

LEADER 00000naa$a2200000$$$4500
001 0056011
005 20231108141727.9
041 0 |a slo 
044 |a SK 
245 1 0 |a Chystané zmeny v pôdohospodárstve 
520 |a Zavádzanie novej podpory v poľnohospodárstve formou platby na pestovanie energetických plodín. Financovanie z prostriedkov EU. Doplnkové národné priame platby v rastlinnej výrobe. Návrh koncepcie rozvoja pôdohospodárstva na roky 2007 až 2013. Používanie pesticídov. Z valného zhromaždenia SPPK a SOPK. Kampaň proti GMO. 
610 2 0 |a pôdohospodárstvo 
610 2 0 |a plodiny poľnohospodárske 
610 2 0 |a hospodárstvo lesné 
610 2 0 |a potravinárstvo 
610 2 0 |a Slovensko 
610 2 0 |a Európska únia 
610 2 0 |a koncepcie